Mathematics for Electrical Science and Physical Science-II (Record no. 38035)
[ view plain ]
| 000 -LEADER | |
|---|---|
| fixed length control field | 00411nam a22001697a 4500 |
| 082 ## - DEWEY DECIMAL CLASSIFICATION NUMBER | |
| Classification number | 510 SAJ |
| 100 ## - MAIN ENTRY--AUTHOR NAME | |
| Personal name | Sajikumar S |
| 100 ## - MAIN ENTRY--AUTHOR NAME | |
| Personal name | Sheena S |
| 100 ## - MAIN ENTRY--AUTHOR NAME | |
| Personal name | Harita Vijay |
| 245 ## - TITLE STATEMENT | |
| Title | Mathematics for Electrical Science and Physical Science-II |
| 250 ## - EDITION STATEMENT | |
| Edition statement | 1 |
| 260 ## - PUBLICATION, DISTRIBUTION, ETC. (IMPRINT) | |
| Name of publisher | Owl Books |
| Place of publication | Trivandrum |
| Year of publication | 2025 |
| 546 ## - LANGUAGE NOTE | |
| Language note | English |
| 650 ## - SUBJECT ADDED ENTRY--TOPICAL TERM | |
| Topical Term | APS |
| 942 ## - ADDED ENTRY ELEMENTS (KOHA) | |
| Koha item type | Text Book |
| 952 ## - LOCATION AND ITEM INFORMATION (KOHA) | |
| Damaged status | |
| Not for loan | |
| 952 ## - LOCATION AND ITEM INFORMATION (KOHA) | |
| Damaged status | |
| Not for loan | |
| 952 ## - LOCATION AND ITEM INFORMATION (KOHA) | |
| Damaged status | |
| Not for loan | |
| 952 ## - LOCATION AND ITEM INFORMATION (KOHA) | |
| Damaged status | |
| Not for loan | |
| 952 ## - LOCATION AND ITEM INFORMATION (KOHA) | |
| Damaged status | |
| Not for loan | |
| 952 ## - LOCATION AND ITEM INFORMATION (KOHA) | |
| Damaged status | |
| Not for loan | |
| 952 ## - LOCATION AND ITEM INFORMATION (KOHA) | |
| Damaged status | |
| Not for loan | |
| 952 ## - LOCATION AND ITEM INFORMATION (KOHA) | |
| Damaged status | |
| Not for loan | |
| 952 ## - LOCATION AND ITEM INFORMATION (KOHA) | |
| Damaged status | |
| Not for loan | |
| 952 ## - LOCATION AND ITEM INFORMATION (KOHA) | |
| Damaged status | |
| Not for loan | |
| 952 ## - LOCATION AND ITEM INFORMATION (KOHA) | |
| Damaged status | |
| Not for loan | |
| 952 ## - LOCATION AND ITEM INFORMATION (KOHA) | |
| Damaged status | |
| Not for loan | |
| 952 ## - LOCATION AND ITEM INFORMATION (KOHA) | |
| Damaged status | |
| Not for loan | |
| 952 ## - LOCATION AND ITEM INFORMATION (KOHA) | |
| Damaged status | |
| Not for loan | |
| 952 ## - LOCATION AND ITEM INFORMATION (KOHA) | |
| Damaged status | |
| Not for loan | |
| 952 ## - LOCATION AND ITEM INFORMATION (KOHA) | |
| Damaged status | |
| Not for loan | |
| 952 ## - LOCATION AND ITEM INFORMATION (KOHA) | |
| Damaged status | |
| Not for loan | |
| 952 ## - LOCATION AND ITEM INFORMATION (KOHA) | |
| Damaged status | |
| Not for loan | |
| 952 ## - LOCATION AND ITEM INFORMATION (KOHA) | |
| Damaged status | |
| Not for loan | |
| 952 ## - LOCATION AND ITEM INFORMATION (KOHA) | |
| Damaged status | |
| Not for loan | |
| Withdrawn status | Collection code | Permanent Location | Current Location | Shelving location | Date acquired | Source of acquisition | Cost, normal purchase price | Inventory number | Full call number | Accession Number | Price effective from | Koha item type |
|---|---|---|---|---|---|---|---|---|---|---|---|---|
| MATHEMATICS | VAST Central Library | VAST Central Library | S-138/AS | 18/11/2025 | Calicut Books | 300.00 | 17740 | 510 SAJ | 38100 | 21/11/2025 | Text Book | |
| MATHEMATICS | VAST Central Library | VAST Central Library | RAC-11/1st Year | 18/11/2025 | Calicut Books | 300.00 | 17740 | 510 SAJ | 38101 | 21/11/2025 | Text Book | |
| MATHEMATICS | VAST Central Library | VAST Central Library | S-138/AS | 18/11/2025 | Calicut Books | 300.00 | 17740 | 510 SAJ | 38102 | 21/11/2025 | Text Book | |
| MATHEMATICS | VAST Central Library | VAST Central Library | S-138/AS | 18/11/2025 | Calicut Books | 300.00 | 17740 | 510 SAJ | 38103 | 21/11/2025 | Text Book | |
| MATHEMATICS | VAST Central Library | VAST Central Library | S-138/AS | 18/11/2025 | Calicut Books | 300.00 | 17740 | 510 SAJ | 38104 | 21/11/2025 | Text Book | |
| MATHEMATICS | VAST Central Library | VAST Central Library | S-138/AS | 18/11/2025 | Calicut Books | 300.00 | 17740 | 510 SAJ | 38105 | 21/11/2025 | Text Book | |
| MATHEMATICS | VAST Central Library | VAST Central Library | S-138/AS | 18/11/2025 | Calicut Books | 300.00 | 17740 | 510 SAJ | 38106 | 21/11/2025 | Text Book | |
| MATHEMATICS | VAST Central Library | VAST Central Library | S-138/AS | 18/11/2025 | Calicut Books | 300.00 | 17740 | 510 SAJ | 38107 | 21/11/2025 | Text Book | |
| MATHEMATICS | VAST Central Library | VAST Central Library | S-138/AS | 18/11/2025 | Calicut Books | 300.00 | 17740 | 510 SAJ | 38108 | 21/11/2025 | Text Book | |
| MATHEMATICS | VAST Central Library | VAST Central Library | S-138/AS | 18/11/2025 | Calicut Books | 300.00 | 17740 | 510 SAJ | 38109 | 21/11/2025 | Text Book | |
| MATHEMATICS | VAST Central Library | VAST Central Library | S-138/AS | 18/11/2025 | Calicut Books | 300.00 | 17740 | 510 SAJ | 38110 | 21/11/2025 | Text Book | |
| MATHEMATICS | VAST Central Library | VAST Central Library | S-138/AS | 18/11/2025 | Calicut Books | 300.00 | 17740 | 510 SAJ | 38111 | 21/11/2025 | Text Book | |
| MATHEMATICS | VAST Central Library | VAST Central Library | S-138/AS | 18/11/2025 | Calicut Books | 300.00 | 17740 | 510 SAJ | 38112 | 21/11/2025 | Text Book | |
| MATHEMATICS | VAST Central Library | VAST Central Library | S-138/AS | 18/11/2025 | Calicut Books | 300.00 | 17740 | 510 SAJ | 38113 | 21/11/2025 | Text Book | |
| MATHEMATICS | VAST Central Library | VAST Central Library | S-138/AS | 18/11/2025 | Calicut Books | 300.00 | 17740 | 510 SAJ | 38114 | 21/11/2025 | Text Book | |
| MATHEMATICS | VAST Central Library | VAST Central Library | S-138/AS | 18/11/2025 | Calicut Books | 300.00 | 17740 | 510 SAJ | 38115 | 21/11/2025 | Text Book | |
| MATHEMATICS | VAST Central Library | VAST Central Library | S-138/AS | 18/11/2025 | Calicut Books | 300.00 | 17740 | 510 SAJ | 38116 | 21/11/2025 | Text Book | |
| MATHEMATICS | VAST Central Library | VAST Central Library | S-138/AS | 18/11/2025 | Calicut Books | 300.00 | 17740 | 510 SAJ | 38117 | 21/11/2025 | Text Book | |
| MATHEMATICS | VAST Central Library | VAST Central Library | S-138/AS | 18/11/2025 | Calicut Books | 300.00 | 17740 | 510 SAJ | 38118 | 21/11/2025 | Text Book | |
| MATHEMATICS | VAST Central Library | VAST Central Library | S-138/AS | 18/11/2025 | Calicut Books | 300.00 | 17740 | 510 SAJ | 38119 | 21/11/2025 | Text Book |